Регионална библиотека "Любен Каравелов" - Русе

Дворна градина (Запис номер 182160)

MARC детайли
000 -Лидер
Контролно поле с фиксирана дължина 01425nam a2200313 c 4500
003 - Код на организацията, давaща контролен номер
Контролно поле BLK
005 - Дата и час на последна редакция
Контролно поле 20180422115215.0
008 - Елементи от данни с фиксирана дължина
fixed length control field 180411b bul|||||r ||||||| ||bul||
010 ## - Наследен системен номер
LC control number KNG00191083000
040 ## - Източник на каталожния запис
Идентификатор на билиотеката - собственик на записа BLK
041 ## - Код за език
Код за езика на текст/звукозапис или на отделно заглавие Български
Код за езика КДБФ Български
080 ## - УДК
Текстов определител УДК
УДК код - определител по УДК 634.1/.7
УДК определител (035)
УДК - код + определител 634.1/.7(035)
080 ## - УДК
Текстов определител УДК Декоративни растения. Декоративно градинарство
УДК код - определител по УДК 635.9
УДК определител (035)
УДК - код + определител 635.9(035)
139 ## - Редно поле
Редна дума Дворна градина
Авторски знак Дво - Д 29
245 10 - Сведения за заглавието
Заглавие Дворна градина
Подзаглавни данни Ръководство
Редно поле (дума) състав. Митко Маринов Ников.
257 ## - Страна на издаване
Страна на създаване/издаване България
260 ## - Област на издателските данни
-- София
Име на издателя, разпространителя и проч. Земиздат
Година на издаване 1981
Печатница Хасково : Ат. Стратиев
300 ## - Физическа характеристика
Страници 311 с.
Илюстрации и др. с ил.
Размери/Мащаб 21 см
380 ## - Жанр
Жанр Селско стопанство
500 ## - Общи забележки
Забележка Други авт.: М. Алипиева, В. Ангелиев, Л. Христов ; Пълното име на авт. Минка Алипиева е Минка Алипиева Стойкова. - 30 120 тир.
650 #4 - Допълнително описание по предмет – тема
Основно описание – тема или топоним Овощарство - наръчници и ръководства
9 (RLIN) 242002
650 #4 - Допълнително описание по предмет – тема
Основно описание – тема или топоним Зеленчукопроизводство - наръчници и ръководства
9 (RLIN) 243259
700 1# - Други автори (авторска отговорност)
Лично име Ников, Митко Маринов
Автороска отговорност (Описва отношението между автора и произведението) състав.
9 (RLIN) 369541
852 ## - Местоположение
Форматна сигнатура Цб 112086
856 4# - Електронен адрес и достъп
Електронен формат pdf - файл
Път до файла /url/
856 4# - Електронен адрес и достъп
Електронен формат pdf - файл
Път до файла /url/
942 ## - АРТИКУЛИ
Вид на библиотечния материал Книги
Скрит в OPAC Не
944 ## - СЪЗДАВАНЕ И РЕДАКЦИЯ на ЗАПИСА
Създаване/Редакция Създаване
Дата на регистрацията/редакция 29.09.2016
Служител, извършил регистрацията/редакцията Нора_Радева
944 ## - СЪЗДАВАНЕ И РЕДАКЦИЯ на ЗАПИСА
Създаване/Редакция Редакция
Дата на регистрацията/редакция 29.09.2016
Служител, извършил регистрацията/редакцията Нора_Радева
999 ## - СИСТЕМНИ КОНТРОЛНИ НОМЕРА
Koha biblionumber 182160
Koha biblioitemnumber 182160
Наличности
Код за отписване Код за изгубен артикул Източник на класификационната схема Код за повреда Коз за рестрикции Код за отдаване Артикулен № Име на библиотеката - собственик Име на библиотеката, в която се намира в момента Статус (Текущо местоположение) Дата на вписване в системата Местоположение - отдел Цена в лева Инвентарен номер Систематично азбучна сигнатура Баркод Номер на екземпляра Цена в евро Служебна бележка Служебен тип на артикула
  Не е изгубен Universal Decimal Classification Не е повреден без рестрикции ползва се в читалня 312426 Регионална библиотека "Любен Каравелов" Русе Регионална библиотека "Любен Каравелов" Русе Хранилище 1981-01-01 Хранилище 1.63 341037 Цб 112086 900000020783 1 0.83 Дост: Dp Вид: Д N: сф Дата: 01.01.1981 Книги
Изтеглен Не е изгубен Universal Decimal Classification Не е повреден без рестрикции заемане за дома 312427 Регионална библиотека "Любен Каравелов" Русе Регионална библиотека "Любен Каравелов" Русе Заемна - подръчен фонд 1981-01-01 Заемна - подръчен фонд 1.63 340131 П 634.1/.7/Д 29 340131 2 0.83 Вид: Сф Дата: 01.01.1981 Книги
Изтеглен Не е изгубен Universal Decimal Classification Не е повреден без рестрикции заемане за дома 312428 Регионална библиотека "Любен Каравелов" Русе Регионална библиотека "Любен Каравелов" Русе Заемна - подръчен фонд 1981-01-01 Заемна - подръчен фонд 1.63 340132 П 634.1/.7/Д 29 340132 3 0.83 Вид: Сф Дата: 01.01.1981 Книги
Изтеглен Не е изгубен Universal Decimal Classification Не е повреден без рестрикции заемане за дома 312429 Регионална библиотека "Любен Каравелов" Русе Регионална библиотека "Любен Каравелов" Русе Заемна - подръчен фонд 1981-01-01 Заемна - подръчен фонд 1.63 340135 П 634.1/.7/Д 29 340135 4 0.83 Вид: Сф Дата: 01.01.1981 Книги
Изтеглен Не е изгубен Universal Decimal Classification Не е повреден без рестрикции заемане за дома 312430 Регионална библиотека "Любен Каравелов" Русе Регионална библиотека "Любен Каравелов" Русе Заемна - подръчен фонд 1981-01-01 Заемна - подръчен фонд 1.63 340136 П 634.1/.7/Д 29 340136 5 0.83 Вид: Сф Дата: 01.01.1981 Книги
Изтеглен Не е изгубен Universal Decimal Classification Не е повреден без рестрикции заемане за дома 312431 Регионална библиотека "Любен Каравелов" Русе Регионална библиотека "Любен Каравелов" Русе Заемна - подръчен фонд 1981-01-01 Заемна - подръчен фонд 1.63 340138 П 634.1/.7/Д 29 340138 6 0.83 Вид: Сф Дата: 01.01.1981 Книги
Vip Innovations Ltd, Rousse, Bulgaria 2025